FATHERS MOTHERS SISTERS BROTHERS. (Record no. 5483)

MARC details
000 -BAŞLIK
Sabit Uzunluktaki Kontrol Alanı 00416nam a22001697a 4500
003 - KONTROL NUMARASI KİMLİĞİ
Kontrol Alanı koha_MIRAKIL
005 - EN SON İŞLEM TARİHİ ve ZAMANI
Kontrol Alanı 20241018141922.0
008 - SABİT UZUNLUKTAKİ VERİ ÖGELERİ - GENEL BİLGİ
Sabit Alan 231213b |||||||| |||| 00| 0 ||| d
040 ## - KATALOGLAMA KAYNAĞI
Özgün Kataloglama Kurumu TR-IsEVY
Kataloglama Dili tur
Çeviri Kurumu TR-IsEVY
082 ## - DEWEY ONU SINIFLAMA SİSTEMİ
Sınıflama Numarası 811 HOB
100 ## - KİŞİ ADI
Yazar Adı (Kişi adı) HOBERMAN, MARY ANN.
245 #0 - ESER ADI BİLDİRİMİ
Başlık FATHERS MOTHERS SISTERS BROTHERS.
260 ## - YAYIN, DAĞITIM, VB.
Yayınevi Ib Kids,
Yayın Tarihi 2001
300 ## - FİZİKSEL TANIMLAMA
Sayfa, Cilt vb. 32.
650 ## - KONU BAŞLIĞI EK GİRİŞ - KONU TERİMİ
Konusal terim veya coğrafi ad İngiliz Dili.
942 ## - EK GİRİŞ ÖGELERİ (KOHA)
Source of classification or shelving scheme Dewey Decimal Classification
Koha item type Kitap
Holdings
Kayıp Durumu Sınıflandırma Kaynağı Hasarlı Durumu Koleksiyon Kodu Kalıcı Konum Mevcut Konum Kayıt Tarih Edinim Kaynağı Yer Numarası Demirbaş Numarası Son Görülme Tarihi Fatura Tarihi Materyal Türü
  Dewey Decimal Classification   İlkokul İLKOKUL KÜTÜPHANESİ İLKOKUL KÜTÜPHANESİ 27/11/2013 Satınalma 811 HOB 05547 13/12/2023 24/05/2018 Kitap